1789 1859 1311 1435 1886 1266 1089 1341 1201 1594 1853 1762 1492 1871 1215 1470 1406 1306 1814 1976 1493 1594 1353 1110 1144 1022 1584 1047 1464 1360 1880 1683 1159 1003 1731 1672 1220 1806 1200 1128 1621 1341 1936 1281 1306 1077 1472 1473 1750 1604 1455 1705 1541 1249 1427 1086 1528 1252 1817 1863 1176 1310 1701 1279 1259 1932 1158 1390 1148 1440 1017 1624 1954 1009 1411 1894 1812 1235 1987 1964 1397 1961 1533 1255 1992 1256 1221 1555 1757 1946 1436 1755 1042 1761 1504 1275 1621 1457 1587 BCNSPRNW ULIB Ver.6.0+V

เปลี่ยนเป็นภาษาไทย

Change to English
 แสดงรายละเอียดบรรณานุกรม
  กลับหน้าหลัก

Brief Record : Get Marc (ISO 2709) : E-mail record : QR code < ปิดหน้าต่าง
LEADER : 00000nam 2200000uu 4500
001    13399129201
003     ULIB
008    260511s2568||||th 000 0 tha d
020    ^a9789740343677
060  4 ^aWY106^bป221ก
100    ^aปาหนัน กนกวงศ์นุวัฒน์.
245 1  ^aการบริหารโครงการในชุมชน กลยุทธ์ที่ท้าทายของพยาบาล /^cปาหนัน กนกวงศ์นุวัฒน์.
246 3  ^aกลยุทธ์ที่ท้าทายของพยาบาล
250    ^aพิมพ์ครั้งที่ 2.
260    ^aกรุงเทพฯ :^bสำนักพิมพ์จุฬาลงกรณ์มหาวิทยาลัย, ^c2568.
300    ^a109 หน้า :^bภาพประกอบ ;^c26 ซม.
505 0  ^aบทที่ 1 บทบาทของพยาบาลชุมชนในระบบสุขภาพ -- บทที่ 2 กระบวนการพยาบาลชุมชน -- บทที่ 3 การวางแผนกลยุทธ์และการบริหารโครงการ -- บทที่ 4 การประเมินผลโครงการ -- บทที่ 5 กรณีศึกษา : การบริหารโครงการในชุมชน.
505 0  ^aบทบาทของพยาบาลชุมชนในระบบสุขภาพ -- กระบวนการพยาบาลชุมชน -- การวางแผนกลยุทธ์และการบริหารโครงการ -- การประเมินผลโครงการ -- กรณีศึกษา : การบริหารโครงการในชุมชน
505 2  ^aแนวคิดระบบสุขภาพและระบบสุขภาพชุมชน : ยุทธศาสตร์ชาติ 20 ปี ; ระบบสุขภาพของประเทศไทย ; ระบบสุขภาพชุมชน ; โครงสร้างชุมชน ; การพยาบาลชุมชน ; บทบาทและหน้าที่ของพยาบาลชุมชน -- กระบวนการพยาบาลชุมชน : การประเมินชุมชน ; การวินิจฉัยชุมชน ; การวางแผนเพื่อแก้ไขปัญหาชุมชน ; การปฏิบัติตามแผนสุขภาพชุมชน -- การวางแผนกลยุทธ์และการบริหารโครงการ : การวางแผนกลยุทธ์ ; การบริหารโครงการ ; การควบคุมคุณภาพโครงการ ; ดัชนีชี้วัดความสำเร็จ -- การประเมินผลโครงการ : การประเมินผลโดยใช้ CIPP model ; การประเมินผลโดยใช้ Balance Scorecard -- กรณีศึกษา การบริหารโครงการในชุมชน : นโยบายระดับกระทรวง ; ยุทธศาสตร์มหาวิทยาลัยราภัฎ 20 ปี ; ยุทธศาสตร์ที่ 1 การพัฒนาท้องถิ่น ; โครงการหลักของยุทธศาสตร์ที่ 1 การพัฒนาท้องถิ่น ; โครงการส่งเสริมการออกกำลังกายสำหรับผู้สูงอายุ ตำบลเขาวงกต ; การประเมินผลโครงการ
505 2  ^a^tแนวคิดระบบสุขภาพและระบบสุขภาพชุมชน -- กระบวนการพยาบาลชุมชน -- การวางแผนกลยุทธ์และการบริหารโครงการ -- การประเมินผลโครงการ -- กรณีศึกษา : การบริหารโครงการในชุมชน.
650  4 ^aอนามัยชุมชน.
650  7 ^aการบริหารโครงการ
650  7 ^aการพยาบาล
650  7 ^aการพยาบาลสาธารณสุข
650  7 ^aการพยาบาลอนามัยชุมชน^xการบริหาร
650  7 ^aชุมชน
650  7 ^aบริการอนามัยชุมชน^xการบริหาร
650 0  ^aการพยาบาลอนามัยชุมชน.
650 0  ^aบริการอนามัยชุมชน.
651    ^aการพยาบาลอนามัยชุมชน.
655  4 ^aHealth Sciences Branch.
658    ^aคณะพยาบาลศาสตร์.
658    ^aคณะวิทยาศาสตร์และเทคโนโลยี. ^bสาขาวิชาสาธารณสุขศาสตร์.
999    ^aประนอม เกษจรัล
รายการนี้ยังไม่มีแท็ก
คุณยังไม่ได้ล็อกอิน คุณสามารถมีกิจกรรมร่วมกับเว็บไซต์ได้ แต่ต้องล็อกอินก่อน ::
  ล็อกอิน

รายการสื่อสารสนเทศ

ลำดับที่ ประเภท เลขเรียก/บาร์โค้ด สถานที่ สถานะ
1. Book การพยาบาล
หนังสือสำรอง
สถานะ=หนังสือสำรอง
WY106 ป221ก ฉ.1 
  Barcode: 012138
ห้องสมุดวิทยาเขตสวรรค์ประชารักษ์
►หนังสือทั่วไป
บนชั้น
2. Book การพยาบาล
Book การพยาบาล
WY106 ป221ก ฉ.2 
  Barcode: 012139
ห้องสมุดวิทยาเขตสวรรค์ประชารักษ์
►หนังสือทั่วไป
บนชั้น
3. Book การพยาบาล
Book การพยาบาล
WY106 ป221ก ฉ.3 
  Barcode: 012140
ห้องสมุดวิทยาเขตสวรรค์ประชารักษ์
►หนังสือทั่วไป
บนชั้น
4. Book การพยาบาล
Book การพยาบาล
WY106 ป221ก ฉ.4 
  Barcode: 012141
ห้องสมุดวิทยาเขตสวรรค์ประชารักษ์
►หนังสือทั่วไป
บนชั้น
5. Book การพยาบาล
Book การพยาบาล
WY106 ป221ก ฉ.5 
  Barcode: 012142
ห้องสมุดวิทยาเขตสวรรค์ประชารักษ์
►หนังสือทั่วไป
บนชั้น

รายการใกล้เคียง
    ผู้แต่ง [ปาหนัน กนกวงศ์นุวัฒน์.]

    หัวเรื่อง [อนามัยชุมชน.]
    หัวเรื่อง [การบริหารโครงการ]
    หัวเรื่อง [การพยาบาล]
    หัวเรื่อง [การพยาบาลสาธารณสุข]
    หัวเรื่อง [ชุมชน]
    หัวเรื่อง [การพยาบาลอนามัยชุมชน.]
    หัวเรื่อง [บริการอนามัยชุมชน.]

BibComment


ยังไม่เคยถูกคอมเมนท์

คอมเมนท์ทรัพยากรรายการนี้
  คอมเมนท์: การบริหารโครงการ..


 Copyright 2026. Bcnsprnw @Library